Όταν το σώμα λέει όχι : (Record no. 10105)
[ view plain ]
| 000 -LEADER | |
|---|---|
| fixed length control field | 03231nam a22002537a 4500 |
| 003 - ΤΑΥΤΟΤΗΤΑ ΤΟΥ ΑΡΙΘΜΟΥ ΕΛΕΓΧΟΥ | |
| Πεδίο ελέγχου | GR-AtMCL |
| 005 - ΗΜΕΡΟΜΗΝΙΑ ΚΑΙ ΩΡΑ ΤΕΛΕΥΤΑΙΑΣ ΕΝΗΜΕΡΩΣΗΣ | |
| Πεδίο ελέγχου | 20260205123649.0 |
| 006 - FIXED-LENGTH DATA ELEMENTS--ADDITIONAL MATERIAL CHARACTERISTICS | |
| Πεδίο ελέγχου σταθερού μήκους | a|||||r||||||||||| |
| 008 - FIXED-LENGTH DATA ELEMENTS--GENERAL INFORMATION | |
| Πεδίο ελέγχου σταθερού μήκους | e202302||gr |||||||||||||||||gre|d |
| 020 ## - ISBN | |
| ISBN | 9786185724030 |
| 040 ## - ΠΗΓΗ ΚΑΤΑΛΟΓΟΓΡΑΦΗΣΗΣ | |
| Φορέας πρωτότυπης καταλογογράφησης | MC Athens Campus Library |
| Γλώσσα καταλογογράφησης | Ελληνικά, Μοντέρνα (1453-) |
| Modifying agency | MC Athens Campus Library |
| 041 1# - ΓΛΩΣΣΑ | |
| Κωδικός γλώσσας πρωτότυπου | Αγγλικά |
| 100 1# - MAIN ENTRY--PERSONAL NAME | |
| Personal name | Maté, Gabor |
| 9 (RLIN) | 4146 |
| 240 ## - ΟΜΟΙΟΜΟΡΦΟΣ ΤΙΤΛΟΣ | |
| Ομοιόμορφος τίτλος | When the body says no. |
| Language of a work | Ελληνικά |
| 245 10 - ΤΙΤΛΟΣ ΚΑΙ ΔΗΛΩΣΗ ΥΠΕΥΘΥΝΟΤΗΤΑΣ | |
| Τίτλος | Όταν το σώμα λέει όχι : |
| Remainder of title | το κόστος του κρυφού στρες / |
| Statement of responsibility, etc. | Gabor Maté ; μετάφραση Μαρία Κουκιάδη |
| 250 ## - EDITION STATEMENT | |
| Edition statement | 1η έκδ. |
| 264 #1 - PRODUCTION, PUBLICATION, DISTRIBUTION, MANUFACTURE, AND COPYRIGHT NOTICE | |
| Place of production, publication, distribution, manufacture | Αθήνα : |
| Name of producer, publisher, distributor, manufacturer | Key Books, |
| Date of production, publication, distribution, manufacture, or copyright notice | 2023 |
| 300 ## - PHYSICAL DESCRIPTION | |
| Extent | 343 σ. ; |
| Διαστάσεις | 24 εκ. |
| 520 ## - SUMMARY, ETC. | |
| Summary, etc. | Στο διεθνές bestseller "Όταν το σώμα λέει όχι" ο Gabor Mate εξηγεί τι είναι το κρυφό στρες, πώς μας οδηγεί σε μια σειρά από ασθένειες - και, το κυριότερο, πώς μπορούμε να θεραπευτούμε. Μπορεί ένας άνθρωπος να πεθάνει -κυριολεκτικά- από μοναξιά; Συνδέονται τα καταπιεσμένα συναισθήματα με το Αλτσχάιμερ; Υπάρχει άραγε η «προσωπικότητα του καρκινοπαθούς»; Tα σύγχρονα επιστημονικά ευρήματα επιβεβαιώνουν την αρχαία σοφία: τα συναισθήματα επηρεάζουν καθοριστικά την υγεία μας. Τα καταπιεσμένα συναισθήματα προκαλούν στρες, που με τη σειρά του αποτελεί τη γενεσιουργό αιτία πολλών παθήσεων. Ο γιατρός Gabor Mate είναι ειδικός σε θέματα τραύματος, εξαρτήσεων και στρες. Στο έργο του αυτό αντλεί στοιχεία από πρωτοποριακές έρευνες, καθώς και από τις αληθινές ιστορίες ασθενών του, για να εξετάσει τον ρόλο που παίζει το κρυφό στρες στην εμφάνιση μιας σειράς ασθενειών, όπως οι καρδιοπάθειες, ο διαβήτης, το σύνδρομο ευερέθιστου εντέρου, η σκλήρυνση κατά πλάκας, η αρθρίτιδα, o καρκίνος και μια σειρά από αυτοάνοσα. Επιπρόσθετα, ο συγγραφέας προχωρά ένα βήμα παρακάτω παρουσιάζοντας τους 7 Κανόνες της Θεραπείας, που μας οδηγούν από το στάδιο της Αποδοχής σε αυτό της Αυτονομίας. Με συμπόνια και σοφία, στο βιβλίο αυτό ο Gabor Mate ξαναβάζει στον πυρήνα της ιατρικής τη σύνδεση μυαλού-σώματος και μας δείχνει τον τρόπο ώστε να προφυλάξουμε την υγεία μας. |
| 650 #0 - SUBJECT ADDED ENTRY--TOPICAL TERM | |
| Topical term or geographic name entry element | Ψυχολογία |
| 9 (RLIN) | 9898 |
| 700 ## - ΠΡΟΣΘΕΤΗ ΑΝΑΓΡΑΦΗ--ΦΥΣΙΚΟ ΠΡΟΣΩΠΟ | |
| Personal name | Κουκιάδη, Μαρία |
| 9 (RLIN) | 10322 |
| 942 ## - ADDED ENTRY ELEMENTS (KOHA) | |
| Koha item type | Books |
| Τύπος τεκμηρίου | Βιβλιοθήκη | Τρέχουσα τοποθεσία | Barcode | Αριθμός εισαγωγής | Ημερομηνία απόκτησης | Ταξιθετικό σύμβολο | Αριθμός αντιτύπου | Κατάσταση απόσυρσης | Κατάσταση χαμένου | Κατάσταση κατεστραμμένου | Μη δανεισμός | Σύνολο δανεισμών | Ημερομηνία τελευταίας εμφάνισης | Η τιμή ισχύει από |
|---|---|---|---|---|---|---|---|---|---|---|---|---|---|---|
| Books | MC Athens Campus Library | MC Athens Campus Library | 9780000101136 | 8296 | 05/02/2026 | 616.08 MAT | 1 | 05/02/2026 | 05/02/2026 |